Villes accessibles depuis la Gare de Luxembourg - Statistiques

Statistiques générales
  • Ce quiz a été pris 69 fois
  • Le résultat moyen est 14 sur 25
Statistiques - réponses
Pays Ville % Correct
BE Bruxelles
89%
FR Paris
89%
FR Metz
86%
FR Strasbourg
82%
FR Marseille
77%
FR Nancy
77%
FR Lyon
75%
BE Liège
69%
FR Reims
66%
FR Dijon
65%
DE Köln
63%
FR Mulhouse
58%
FR Colmar
55%
BE Namur
48%
FR Besançon
43%
DE Düsseldorf
43%
FR Montpellier
43%
FR Aix-en-Provence
42%
FR Avignon
37%
DE Bonn
37%
FR Valence
37%
FR Nîmes
34%
DE Trier
34%
DE Koblenz
17%
DE Leverkusen
3%
Aucun quiz correspondant
Distribution des résultats
% des personnes avec chaque résultat
Percentile par nombre de réponses
Votre historique - résultats
Vous n’avez pas pris ce quiz